عرض عادي
عرض مارك
- الإسلام
مدخل مصطلح موضوعي
001 - رقم الضبط
- حقل الضبط: 12400
003 - معرف رقم الضبط
- حقل الضبط: OSt
005 - تاريخ ووقت أخر عملية
- حقل الضبط: 20120506154917.0
008 - عناصر بيانات ثابتة الطول
- حقل تحكم ثابت الطول: 120506|||a|||||| | ||| d
040 ## - مصدر الفهرسة
- هيئة الفهرسة الأصلية: OSt
- وكالة الكتابة: OSt
150 ## - مدخل-- مصطلح تاريخي
- عنصر مدخل المصطلح الموضوعي او الاسم الجغرافي: الإسلام
- تفريع عام: متفرقات.
670 ## - بيانات المصدر موجوده
- الاستشهاد بالمصدر: Work cat.: (OSt): الشديفات، رياض خليف. 12399, المختارات من الحكمة ومأثورات القول ودلالاتها التربوية /, 2011.
